书目信息 |
| 题名: |
江湖小侠传
|
|
| 作者: | 平江不肖生 著 ;杨苇 插画 | |
| 分册: | ||
| 出版信息: | 太原 北岳文艺出版社 2019 |
|
| 页数: | 242页 | |
| 开本: | 21cm | |
| 丛书名: | 民国武侠经典书系 | |
| 单 册: | ||
| 中图分类: | I246.58 , I246.5 | |
| 科图分类: | ||
| 主题词: | 侠义小说--中国--现代 | |
| 电子资源: | ||
| ISBN: | 978-7-5378-5993-6 | |
| 000 | 00762oam2 2200253 450 | |
| 001 | 2378696963 | |
| 005 | 20231002215208.46 | |
| 010 | @a978-7-5378-5993-6@dCNY32.00 | |
| 100 | @a20200408d2019 em y0chiy50 ea | |
| 101 | 0 | @achi |
| 102 | @aCN@b140000 | |
| 105 | @aa z 000ay | |
| 200 | 1 | @a江湖小侠传@9jiang hu xiao xia zhuan@f平江不肖生著@g杨苇插画 |
| 210 | @a太原@c北岳文艺出版社@d2019 | |
| 215 | @a242页@c图@d21cm | |
| 225 | 2 | @a民国武侠经典书系@e插图版 |
| 461 | 0 | @12001 @a民国武侠经典书系 |
| 606 | 0 | @a侠义小说@y中国@z现代 |
| 690 | @aI246.58@v5 | |
| 690 | @aI246.5@v4 | |
| 701 | 0 | @a平江不肖生@9ping jiang bu xiao sheng@4著 |
| 702 | 0 | @a杨苇@9yang wei@4插画 |
| 801 | 0 | @aCN@b大连网信软件有限公司图书馆·11@c20231002 |
| 905 | @aBZT@dI246.5@e30 | |
| 江湖小侠传/平江不肖生著/杨苇插画.-太原:北岳文艺出版社,2019 |
| 242页:图;21cm.-(民国武侠经典书系:插图版) |
| ISBN 978-7-5378-5993-6:CNY32.00 |
| ● |
| 相关链接 |
|
|
|
正题名:江湖小侠传
索取号:I246.5/30
 
预约/预借
| 序号 | 登录号 | 条形码 | 馆藏地/架位号 | 状态 | 备注 |
| 1 | 2000940331 | 2000940331 | 第四书库/四13架A面6层3列/ [索取号:I246.5/30] | 在馆 | |
| 2 | 2000940332 | 2000940332 | 第四书库/四13架A面6层3列/ [索取号:I246.5/30] | 在馆 | |
| 3 | 2000940333 | 2000940333 | 第四书库/四13架A面6层3列/ [索取号:I246.5/30] | 在馆 | |
| 4 | 2000940334 | 2000940334 | 第四书库/四13架A面6层3列/ [索取号:I246.5/30] | 在馆 | |
| 5 | 2000940335 | 2000940335 | 第四书库/四13架A面6层3列/ [索取号:I246.5/30] | 在馆 | |
| 6 | 2000940336 | 2000940336 | 第四书库/四13架A面6层3列/ [索取号:I246.5/30] | 在馆 |